| 000 | 00382 a2200121 4500 | ||
|---|---|---|---|
| 001 | ART_52439 | ||
| 005 | 20260410161608.0 | ||
| 008 | 260409a | ||
| 245 | 1 | 0 | _aResoluciones (FACPCE) 584/2021 y (FACPCE) 539/2018 |
| 100 | 1 | _aOubiña, Gabriel H. | |
| 700 | 1 | _aFaccendini, Yanina C. | |
| 773 | 0 |
_tProfesional & Empresaria _g- Año XXII, Nº 260 (mayo 2021) _wREV70 |
|
| 999 |
_c10402 _d10402 |
||